| 000 | 00755nam a2200205Ia 4500 | ||
|---|---|---|---|
| 001 | 3348 | ||
| 003 | GE_BSU | ||
| 008 | 181216s||||||||xx |||||||||||||| ||und|| | ||
| 040 | _cGE_BSU | ||
| 080 | _a624.961(035.3) | ||
| 245 | _aСправочник проектировщика промышленных,жилых и общественных зданий и сооружений.Канализация населенных мест и промышленных предприятий | ||
| 245 | _cПод.Общей ред.Г.М.Федровского.ГПИ водоканалпроект | ||
| 260 | _aМ | ||
| 260 | _bГостоптехиздат | ||
| 260 | _c1963 | ||
| 300 | _a456 стр | ||
| 300 | _bилл. | ||
| 300 | _c26см | ||
| 942 | _cBK | ||
| 999 |
_c37389 _d37389 |
||